000 00532nam a22001817a 4500
003 UA-OsUOA
001 6797
007 ta
008 20040526b un ||||| |||| 00| 0 ukr d
100 _aЄщенко П.
942 _cSA
040 _aUA-OsUOA
_cUA-OsUOA
_dUA-OsUOA
245 _aЕкономічні теоретичні концепції та їх предмет
300 _aС.56-61
955 _a0
773 0 _w0
_tЕкономіка України
_dКиїв
_d2004
_g№5
650 7 _aЕкономічна теорія
_2UDC
999 _c292958
_d292958